[Event "FIDE World Youth U16 Chess Olympiad SLOVAKIA 2016"]
[Site "Poprad Tatry SLOVAKIA"]
[Date "2016.07.23"]
[Round "3"]
[Board "3"]
[White "Alexiadis, Hristos"]
[Black "Lobanov, Sergei"]
[Result "1/2-1/2"]
[WhiteElo "2254"]
[BlackElo "2433"]
[PlyCount "68"]
[EventDate "2016.07.22"]
[EventType "team"]
[EventRounds "9"]
[EventCountry "SVK"]
[WhiteTeam "Greece"]
[BlackTeam "Russia"]

1. d4 Nf6 2. Nf3 e6 3. Bg5 d5 4. Nbd2 Be7 5. c3 O-O 6. e3 b6 7. Bd3 Bb7 8. O-O
Ne4 9. Bxe7 Qxe7 10. Qc2 Nxd2 11. Nxd2 h6 12. e4 dxe4 13. Bxe4 Bxe4 14. Nxe4
Nd7 15. Rfe1 c5 16. dxc5 Nxc5 17. Rad1 Rfd8 18. h3 b5 19. Qe2 a6 20. Qe3 Nxe4
21. Qxe4 Rac8 22. a3 Qc7 23. g3 Rd7 24. a4 Rcd8 25. Rxd7 Qxd7 26. axb5 axb5 27.
Ra1 Qd2 28. Ra8 Rxa8 29. Qxa8+ Kh7 30. Qe4+ Kg8 31. Qa8+ Kh7 32. Qe4+ Kg8 33.
Qa8+ Kh7 34. Qe4+ Kg8 1/2-1/2

[Event "FIDE World Youth U16 Chess Olympiad SLOVAKIA 2016"]
[Site "Poprad Tatry SLOVAKIA"]
[Date "2016.07.23"]
[Round "3"]
[Board "4"]
[White "Sarana, Alexey"]
[Black "Ioannidis, Evgenios"]
[Result "1-0"]
[WhiteElo "2422"]
[BlackElo "2282"]
[PlyCount "59"]
[EventDate "2016.07.22"]
[EventType "team"]
[EventRounds "9"]
[EventCountry "SVK"]
[WhiteTeam "Russia"]
[BlackTeam "Greece"]

1. Nf3 Nf6 2. d4 d5 3. c4 c6 4. Nc3 e6 5. Bg5 h6 6. Bxf6 Qxf6 7. e3 Nd7 8. Be2
dxc4 9. Bxc4 Bd6 10. O-O O-O 11. Qd3 Rd8 12. Rfd1 b6 13. Rac1 Bb7 14. Ne4 Qe7
15. Ba6 Bxa6 16. Qxa6 c5 17. g3 cxd4 18. Nxd6 Qxd6 19. Rxd4 Nc5 20. Qc4 Qe7 21.
b4 Nb7 22. Qc7 Qxc7 23. Rxc7 Nd6 24. a4 Kf8 25. Ne5 Ke8 26. h4 f6 27. Rxg7 fxe5
28. Rxd6 Rxd6 29. Rg8+ Kf7 30. Rxa8 1-0

[Event "FIDE World Youth U16 Chess Olympiad SLOVAKIA 2016"]
[Site "Poprad Tatry SLOVAKIA"]
[Date "2016.07.23"]
[Round "3"]
[Board "1"]
[White "Raghunandan, Kaumandur Srihari"]
[Black "Nikitenko, Mihail"]
[Result "0-1"]
[WhiteElo "2403"]
[BlackElo "2364"]
[PlyCount "142"]
[EventDate "2016.07.22"]
[EventType "team"]
[EventRounds "9"]
[EventCountry "SVK"]
[WhiteTeam "India"]
[BlackTeam "Belarus"]

1. d4 Nf6 2. c4 c6 3. Nf3 d5 4. e3 g6 5. Nc3 Bg7 6. Bd3 O-O 7. O-O Bg4 8. h3
Bxf3 9. Qxf3 e6 10. b3 Nbd7 11. Bb2 Re8 12. Rad1 Qa5 13. a3 Rad8 14. b4 Qc7 15.
Rfe1 Nb6 16. c5 Nbd7 17. e4 dxe4 18. Bxe4 Nd5 19. Ne2 a5 20. Qb3 axb4 21. axb4
N7f6 22. Bf3 b5 23. Ra1 Ra8 24. Ra3 Bh6 25. Bc1 Bxc1 26. Rxc1 Ne7 27. Rca1 Rxa3
28. Qxa3 Qd7 29. Kf1 Rd8 30. g3 h5 31. h4 Ng4 32. Bxg4 hxg4 33. Qa7 Qxa7 34.
Rxa7 Nd5 35. Ke1 Nxb4 36. Kd2 Kf8 37. Kc3 Nd5+ 38. Kb3 Ne7 39. Kc3 Ke8 40. Nc1
Nd5+ 41. Kd2 Rd7 42. Ra8+ Rd8 43. Ra7 Ne7 44. Kc3 f6 45. Nb3 Rd7 46. Ra8+ Kf7
47. Na5 e5 48. dxe5 fxe5 49. Ra6 Rd5 50. Kb4 Rd4+ 51. Kb3 Ra4 52. Ra7 Kf6 53.
Kb2 e4 54. Kb3 Ke6 55. Kb2 Kf6 56. Kb3 e3 57. fxe3 Re4 58. Ra6 Rxe3+ 59. Kb2
Re6 60. Ra8 Ke5 61. Rd8 Nf5 62. Rd3 Ke4 63. Rd1 Kf3 64. Rd3+ Kf2 65. Nb7 Re2+
66. Kb1 Re3 67. Rd6 Nxd6 68. cxd6 Kxg3 69. Nc5 Re8 70. d7 Rd8 71. Ne6 Rxd7 0-1

[Event "FIDE World Youth U16 Chess Olympiad SLOVAKIA 2016"]
[Site "Poprad Tatry SLOVAKIA"]
[Date "2016.07.23"]
[Round "3"]
[Board "2"]
[White "Zarubitski, Viachaslau"]
[Black "Iniyan, P"]
[Result "1-0"]
[WhiteElo "2289"]
[BlackElo "2346"]
[PlyCount "75"]
[EventDate "2016.07.22"]
[EventType "team"]
[EventRounds "9"]
[EventCountry "SVK"]
[WhiteTeam "Belarus"]
[BlackTeam "India"]

1. e4 c5 2. Nf3 d6 3. d4 cxd4 4. Nxd4 Nf6 5. Nc3 a6 6. Be3 e6 7. f3 b5 8. Qd2
Nbd7 9. g4 Nb6 10. a4 Nc4 11. Bxc4 bxc4 12. a5 Bb7 13. Na4 Nd7 14. O-O-O Be7
15. Nb6 Nxb6 16. axb6 Rc8 17. Ne2 O-O 18. Nc3 Qd7 19. g5 Rcd8 20. Rhg1 a5 21.
Rg4 a4 22. Qg2 a3 23. bxa3 d5 24. e5 Bxa3+ 25. Kd2 Bb4 26. Bd4 Qa4 27. Rh4 Bc6
28. Qh3 h6 29. gxh6 g6 30. h7+ Kh8 31. Qg4 Bxc3+ 32. Bxc3 d4 33. Bxd4 c3+ 34.
Ke3 Qxc2 35. Qg5 f6 36. exf6 Rf7 37. Qh6 Rxd4 38. Qg7+ 1-0

[Event "FIDE World Youth U16 Chess Olympiad SLOVAKIA 2016"]
[Site "Poprad Tatry SLOVAKIA"]
[Date "2016.07.23"]
[Round "3"]
[Board "3"]
[White "Vaishali, R"]
[Black "Ivannikau, Maksim"]
[Result "1-0"]
[WhiteElo "2288"]
[BlackElo "2168"]
[PlyCount "49"]
[EventDate "2016.07.22"]
[EventType "team"]
[EventRounds "9"]
[EventCountry "SVK"]
[WhiteTeam "India"]
[BlackTeam "Belarus"]

1. e4 c5 2. Nf3 g6 3. c3 Bg7 4. d4 cxd4 5. cxd4 d5 6. exd5 Nf6 7. Nc3 Nxd5 8.
Qb3 Nb6 9. Bb5+ Bd7 10. O-O O-O 11. Bg5 h6 12. Bh4 Bxb5 13. Qxb5 N8d7 14. Rad1
Nf6 15. d5 Rc8 16. Rfe1 Re8 17. Bg3 Qd7 18. Qb3 Nc4 19. Rd4 Nd6 20. Be5 Rc5 21.
h3 Rec8 22. Rd3 Nb5 23. Bxf6 exf6 24. d6 Nxc3 25. Re7 1-0

[Event "FIDE World Youth U16 Chess Olympiad SLOVAKIA 2016"]
[Site "Poprad Tatry SLOVAKIA"]
[Date "2016.07.23"]
[Round "3"]
[Board "4"]
[White "Svidersky, Nikita"]
[Black "Mitrabha, Guha"]
[Result "0-1"]
[WhiteElo "2003"]
[BlackElo "2227"]
[PlyCount "70"]
[EventDate "2016.07.22"]
[EventType "team"]
[EventRounds "9"]
[EventCountry "SVK"]
[WhiteTeam "Belarus"]
[BlackTeam "India"]

1. e4 c6 2. d4 d5 3. e5 Bf5 4. Ne2 e6 5. Nf4 Nd7 6. g4 Be4 7. f3 Qh4+ 8. Ke2
Bg6 9. Be3 c5 10. c3 Qd8 11. Kf2 Be7 12. Bb5 Bh4+ 13. Kg2 Ne7 14. Bxd7+ Qxd7
15. dxc5 Nc6 16. Bd4 Bg5 17. Ne2 h5 18. h3 Qc7 19. Na3 a6 20. Qe1 O-O-O 21. Qg3
h4 22. Qh2 f6 23. exf6 e5 24. Bf2 gxf6 25. Rhd1 f5 26. b4 Qf7 27. Kg1 Rhf8 28.
b5 axb5 29. Nxb5 fxg4 30. fxg4 Qf3 31. Ned4 Nxd4 32. cxd4 Be4 33. Na7+ Kd7 34.
c6+ bxc6 35. dxe5 Bf4 0-1

[Event "FIDE World Youth U16 Chess Olympiad SLOVAKIA 2016"]
[Site "Poprad Tatry SLOVAKIA"]
[Date "2016.07.23"]
[Round "3"]
[Board "1"]
[White "Vogel, Roven"]
[Black "Costachi, Mihnea"]
[Result "1/2-1/2"]
[WhiteElo "2425"]
[BlackElo "2420"]
[PlyCount "25"]
[EventDate "2016.07.22"]
[EventType "team"]
[EventRounds "9"]
[EventCountry "SVK"]
[WhiteTeam "Germany 1"]
[BlackTeam "Romania"]

1. Nf3 Nf6 2. c4 g6 3. Nc3 Bg7 4. d4 O-O 5. g3 d6 6. Bg2 c6 7. O-O Qa5 8. e4
Qh5 9. Ng5 h6 10. Qxh5 Nxh5 11. Nf3 b6 12. h3 Nf6 13. Re1 1/2-1/2

[Event "FIDE World Youth U16 Chess Olympiad SLOVAKIA 2016"]
[Site "Poprad Tatry SLOVAKIA"]
[Date "2016.07.23"]
[Round "3"]
[Board "2"]
[White "Gavrilescu, David"]
[Black "Urban, Konstantin"]
[Result "1/2-1/2"]
[WhiteElo "2274"]
[BlackElo "2329"]
[PlyCount "91"]
[EventDate "2016.07.22"]
[EventType "team"]
[EventRounds "9"]
[EventCountry "SVK"]
[WhiteTeam "Romania"]
[BlackTeam "Germany 1"]

1. e4 c5 2. b3 Nc6 3. Bb2 e5 4. Bc4 d6 5. d3 Nf6 6. Nc3 Be7 7. Nge2 Be6 8. O-O
d5 9. exd5 Nxd5 10. Bxd5 Bxd5 11. f4 Bf6 12. fxe5 Bxe5 13. Nf4 Bxf4 14. Rxf4
Be6 15. Ne4 Qc7 16. Rf2 Nd4 17. Qh5 b6 18. b4 O-O-O 19. bxc5 Rd5 20. Qd1 bxc5
21. c3 Nf5 22. c4 Ne3 23. Qf3 Rxd3 24. Re1 Bg4 25. Qxf7 Qxf7 26. Rxf7 Re8 27.
Nf2 Rdd8 28. Bxg7 Bh5 29. Rxa7 Nxc4 30. Rc1 Be2 31. h4 Kb8 32. Rf7 Nd6 33. Rb1+
Ka8 34. Rc7 Rc8 35. Rd7 Red8 36. Rxd8 Rxd8 37. Re1 Bb5 38. h5 Nf5 39. Bf6 Rd5
40. Ne4 Nd4 41. h6 Ne2+ 42. Kf2 Rf5+ 43. Ke3 Ng3 44. Nxg3 Rxf6 45. Rh1 Bc6 46.
Rh5 1/2-1/2

[Event "FIDE World Youth U16 Chess Olympiad SLOVAKIA 2016"]
[Site "Poprad Tatry SLOVAKIA"]
[Date "2016.07.23"]
[Round "3"]
[Board "3"]
[White "Schroeder, Kevin"]
[Black "Banzea, Alexandru-Bogdan"]
[Result "1-0"]
[WhiteElo "2350"]
[BlackElo "2263"]
[PlyCount "123"]
[EventDate "2016.07.22"]
[EventType "team"]
[EventRounds "9"]
[EventCountry "SVK"]
[WhiteTeam "Germany 1"]
[BlackTeam "Romania"]

1. d4 Nf6 2. c4 g6 3. Nc3 d5 4. Bf4 Bg7 5. e3 O-O 6. Rc1 Be6 7. Qb3 c5 8. Qxb7
Qb6 9. Qxb6 axb6 10. Nf3 Nc6 11. Rd1 cxd4 12. exd4 Rfc8 13. Be3 Nb4 14. a3 Nc2+
15. Kd2 Nxe3 16. fxe3 dxc4 17. g3 Bf5 18. Be2 Ne4+ 19. Nxe4 Bxe4 20. Kc3 Bh6
21. Rhe1 Bxe3 22. Ne5 Bg5 23. h4 Bh6 24. Bg4 f5 25. Rxe4 fxe4 26. Bxc8 Rxc8 27.
Re1 b5 28. Rxe4 Rf8 29. Kb4 Rf2 30. Kxb5 Rxb2+ 31. Kxc4 Ra2 32. Ng4 Bg7 33. Re3
Kf8 34. Ne5 Ke8 35. Kd5 Rb2 36. Nc6 Bf6 37. Ke6 Rb7 38. Kd5 Rb1 39. Nb4 Kd8 40.
Ke6 Rc1 41. d5 Rf1 42. d6 exd6 43. Kxd6 g5 44. h5 g4 45. Nc6+ Kc8 46. Re4 Rh1
47. Rb4 Rd1+ 48. Ke6 Bg5 49. Rxg4 h6 50. Rc4 Kb7 51. Ne5 Rf1 52. g4 Rf6+ 53.
Kd5 Rf1 54. a4 Ka6 55. Nc6 Re1 56. Nd4 Re8 57. Ne6 Rg8 58. Nxg5 Rxg5+ 59. Ke6
Ka5 60. Kf6 Rg8 61. Kf7 Rg5 62. Rf4 1-0

[Event "FIDE World Youth U16 Chess Olympiad SLOVAKIA 2016"]
[Site "Poprad Tatry SLOVAKIA"]
[Date "2016.07.23"]
[Round "3"]
[Board "4"]
[White "Ileana, George"]
[Black "Buckels, Valentin"]
[Result "1-0"]
[WhiteElo "2117"]
[BlackElo "2332"]
[PlyCount "89"]
[EventDate "2016.07.22"]
[EventType "team"]
[EventRounds "9"]
[EventCountry "SVK"]
[WhiteTeam "Romania"]
[BlackTeam "Germany 1"]

1. e4 e5 2. Nf3 Nc6 3. Bb5 a6 4. Ba4 Nf6 5. d3 d6 6. c3 g6 7. O-O Bg7 8. Re1
O-O 9. Nbd2 b5 10. Bc2 Bb7 11. Nf1 Nb8 12. Ng3 Nbd7 13. h3 c5 14. Be3 d5 15.
Qd2 d4 16. cxd4 cxd4 17. Bh6 Ne8 18. Bb3 Qe7 19. a3 Nc7 20. Rac1 Ne6 21. Bxe6
Qxe6 22. Bxg7 Kxg7 23. Rc7 Rab8 24. Qg5 f6 25. Qg4 Qxg4 26. hxg4 Rf7 27. g5 h6
28. gxf6+ Kxf6 29. Rec1 Ke6 30. Nh4 Rf6 31. Ne2 Kd6 32. f4 exf4 33. Nf3 Rff8
34. Kf2 g5 35. Nexd4 Rfc8 36. Nf5+ Ke6 37. N3d4+ Kf6 38. Rxb7 Rxc1 39. Rxd7 Rb6
40. Rh7 Rb8 41. Rxh6+ Kf7 42. e5 Rb1 43. e6+ Kg8 44. Nc6 Rxb2+ 45. Kf3 1-0

[Event "FIDE World Youth U16 Chess Olympiad SLOVAKIA 2016"]
[Site "Poprad Tatry SLOVAKIA"]
[Date "2016.07.23"]
[Round "3"]
[Board "1"]
[White "Pechac, Jergus"]
[Black "Mesaros, Florian"]
[Result "1-0"]
[WhiteElo "2463"]
[BlackElo "2324"]
[PlyCount "147"]
[EventDate "2016.07.22"]
[EventType "team"]
[EventRounds "9"]
[EventCountry "SVK"]
[WhiteTeam "Slovakia 1"]
[BlackTeam "Austria"]

1. e4 e5 2. Nf3 Nc6 3. Bb5 a6 4. Ba4 Nf6 5. d3 d6 6. c3 g6 7. O-O Bg7 8. Re1
O-O 9. Nbd2 b5 10. Bb3 Na5 11. Bc2 c5 12. Nf1 Nc6 13. Bd2 Be6 14. Qc1 Bg4 15.
Bd1 d5 16. Bh6 Bxh6 17. Qxh6 Bxf3 18. Bxf3 d4 19. Rac1 Rc8 20. Be2 Qa5 21. Ng3
Qd8 22. Rf1 Kh8 23. c4 bxc4 24. Rxc4 Na5 25. Ra4 c4 26. dxc4 Nb7 27. Rxa6 Nc5
28. Nf5 gxf5 29. Rxf6 d3 30. Bf3 f4 31. b4 Nd7 32. Rd6 f5 33. Qh3 Rxc4 34. Rxd3
Qe7 35. Rfd1 Nf6 36. Qxf5 Rxb4 37. Rd6 Nxe4 38. Rd7 Rxf5 39. Rxe7 Rf8 40. Bxe4
Rxe4 41. h3 Re2 42. Rdd7 Rc8 43. Rxh7+ Kg8 44. Rdg7+ Kf8 45. Ra7 Kg8 46. Rhg7+
Kh8 47. Rge7 e4 48. a4 e3 49. fxe3 f3 50. Rh7+ Kg8 51. Rag7+ Kf8 52. Rh8+ Kxg7
53. Rxc8 Rxg2+ 54. Kf1 Re2 55. Re8 Ra2 56. Re4 Kg6 57. Rf4 Kg5 58. Rxf3 Rxa4
59. Kf2 Ra2+ 60. Kg3 Re2 61. h4+ Kg6 62. Kg4 Rg2+ 63. Rg3 Rh2 64. Rh3 Rg2+ 65.
Kf3 Ra2 66. h5+ Kh6 67. Kf4 Ra8 68. e4 Rf8+ 69. Ke5 Re8+ 70. Kd5 Rd8+ 71. Kc6
Kg5 72. h6 Kf6 73. h7 Rh8 74. Kd7 1-0

[Event "FIDE World Youth U16 Chess Olympiad SLOVAKIA 2016"]
[Site "Poprad Tatry SLOVAKIA"]
[Date "2016.07.23"]
[Round "3"]
[Board "2"]
[White "Horvath, Dominik"]
[Black "Haring, Viktor"]
[Result "1-0"]
[WhiteElo "2216"]
[BlackElo "2289"]
[PlyCount "115"]
[EventDate "2016.07.22"]
[EventType "team"]
[EventRounds "9"]
[EventCountry "SVK"]
[WhiteTeam "Austria"]
[BlackTeam "Slovakia 1"]

1. Nf3 d5 2. c4 d4 3. b4 c5 4. e3 cxb4 5. Nxd4 e5 6. Nf3 e4 7. Nd4 Nf6 8. a3
bxa3 9. Nc3 Nc6 10. Nxc6 bxc6 11. f3 Bb4 12. Bxa3 Bxa3 13. Rxa3 O-O 14. Be2 Qd6
15. Ra2 exf3 16. Bxf3 Be6 17. Qa4 Rab8 18. Qxc6 Qd3 19. Be2 Rb1+ 20. Nd1 Qb3
21. Qa4 Bxc4 22. Qxb3 Bxb3 23. Rb2 Rxb2 24. Nxb2 a5 25. Bc4 Bc2 26. Ke2 Rb8 27.
Nd3 a4 28. Rc1 Bb1 29. Bb5 Bxd3+ 30. Kxd3 a3 31. Bc4 Nd7 32. Kc3 Nc5 33. Ra1
Na4+ 34. Kc2 Rb2+ 35. Kc1 Rb4 36. d3 g6 37. Rxa3 Nb2 38. Ba6 Na4 39. Bc4 Nb6
40. Rb3 Rxb3 41. Bxb3 Kf8 42. Kc2 Ke7 43. Kc3 f6 44. Kd4 h6 45. g4 Nd7 46. Bc4
Ne5 47. h3 Kd6 48. Ke4 Ke7 49. Bg8 Kf8 50. Bb3 Ke7 51. d4 Nd7 52. h4 Nf8 53. h5
gxh5 54. gxh5 Nh7 55. Kf5 Nf8 56. Ba2 Nd7 57. Kg6 f5 58. Kxf5 1-0

[Event "FIDE World Youth U16 Chess Olympiad SLOVAKIA 2016"]
[Site "Poprad Tatry SLOVAKIA"]
[Date "2016.07.23"]
[Round "3"]
[Board "3"]
[White "Lintner, Igor"]
[Black "Blohberger, Felix"]
[Result "0-1"]
[WhiteElo "2191"]
[BlackElo "2284"]
[PlyCount "64"]
[EventDate "2016.07.22"]
[EventType "team"]
[EventRounds "9"]
[EventCountry "SVK"]
[WhiteTeam "Slovakia 1"]
[BlackTeam "Austria"]

1. e4 g6 2. d4 Bg7 3. Nc3 d6 4. Bc4 Nf6 5. Nf3 Nc6 6. O-O a6 7. a4 Bg4 8. Be3
e5 9. d5 Nd4 10. Be2 Nxe2+ 11. Qxe2 O-O 12. a5 Nh5 13. h3 Bd7 14. Ra3 f5 15.
exf5 Rxf5 16. Ne4 Qf8 17. Nh4 Nf4 18. Bxf4 Rxf4 19. g3 Rf7 20. Ng5 Re7 21. Qe4
Bf6 22. f4 Qh6 23. Nhf3 Bxh3 24. Nxh3 Qxh3 25. Ng5 Bxg5 26. fxg5 Qh5 27. Qe3
Rf7 28. Rxf7 Kxf7 29. Rc3 Kg8 30. Qf3 Qxg5 31. Qg2 Rf8 32. Rxc7 Qe3+ 0-1

[Event "FIDE World Youth U16 Chess Olympiad SLOVAKIA 2016"]
[Site "Poprad Tatry SLOVAKIA"]
[Date "2016.07.23"]
[Round "3"]
[Board "4"]
[White "Morgunov, Daniel"]
[Black "Vrtiakova, Anna"]
[Result "1/2-1/2"]
[WhiteElo "2143"]
[BlackElo "2044"]
[PlyCount "87"]
[EventDate "2016.07.22"]
[EventType "team"]
[EventRounds "9"]
[EventCountry "SVK"]
[WhiteTeam "Austria"]
[BlackTeam "Slovakia 1"]

1. e4 c5 2. Nc3 a6 3. f4 Nc6 4. Nf3 e6 5. d3 d5 6. g3 d4 7. Nb1 Nf6 8. Bg2 Be7
9. O-O O-O 10. h3 b5 11. Nbd2 Bb7 12. Qe1 Nb4 13. Qd1 c4 14. a3 Qa5 15. Rb1 Na2
16. Kh2 Nxc1 17. Qxc1 Rac8 18. Qd1 Qb6 19. Ra1 Rfd8 20. a4 c3 21. bxc3 dxc3 22.
Nb3 Nxe4 23. axb5 axb5 24. Ne5 Nc5 25. Bxb7 Qxb7 26. Na5 Qb6 27. Qf3 Bf6 28.
Nac6 Re8 29. Ra7 Rc7 30. Rxc7 Qxc7 31. Ra1 Na4 32. Rb1 Nb2 33. Ra1 Na4 34. Rb1
Qb7 35. Qe4 Bxe5 36. fxe5 Rc8 37. Qxa4 Qxc6 38. Qxb5 Qf3 39. Qb7 Qf2+ 40. Qg2
Qe3 41. Qb7 Qf2+ 42. Qg2 Qe3 43. Qb7 Qf2+ 44. Qg2 1/2-1/2

[Event "FIDE World Youth U16 Chess Olympiad SLOVAKIA 2016"]
[Site "Poprad Tatry SLOVAKIA"]
[Date "2016.07.23"]
[Round "3"]
[Board "1"]
[White "Maghsoodloo, Parham"]
[Black "Chen, Richard"]
[Result "1-0"]
[WhiteElo "2501"]
[BlackElo "2259"]
[PlyCount "79"]
[EventDate "2016.07.22"]
[EventType "team"]
[EventRounds "9"]
[EventCountry "SVK"]
[WhiteTeam "Iran"]
[BlackTeam "Canada"]

1. Nf3 Nf6 2. g3 g6 3. Bg2 Bg7 4. O-O O-O 5. d3 c5 6. c3 Nc6 7. Nbd2 d6 8. e4
e5 9. Re1 h6 10. a3 a5 11. a4 Be6 12. Qe2 Rb8 13. Nc4 Qd7 14. Nfd2 b6 15. Ra3
Rfd8 16. Rb3 Qc7 17. Ra3 Qd7 18. Ra1 Bh3 19. Bxh3 Qxh3 20. Ra3 d5 21. exd5 Nxd5
22. Nf1 Qd7 23. Rd1 Re8 24. Bd2 f5 25. Be1 Qc7 26. Nfe3 Nf6 27. Qf3 Red8 28.
Rb3 Ne7 29. Nc2 Ned5 30. N2a3 e4 31. dxe4 fxe4 32. Qe2 Qd7 33. Nxb6 Qh3 34.
Nxd5 Ng4 35. Qxe4 Qxh2+ 36. Kf1 Qh3+ 37. Ke2 Qh5 38. Nf4 Qg5 39. Rxd8+ Rxd8 40.
Ne6 1-0

[Event "FIDE World Youth U16 Chess Olympiad SLOVAKIA 2016"]
[Site "Poprad Tatry SLOVAKIA"]
[Date "2016.07.23"]
[Round "3"]
[Board "2"]
[White "Song, Ziyuan (sam)"]
[Black "Firouzja, Alireza"]
[Result "0-1"]
[WhiteElo "2049"]
[BlackElo "2481"]
[PlyCount "112"]
[EventDate "2016.07.22"]
[EventType "team"]
[EventRounds "9"]
[EventCountry "SVK"]
[WhiteTeam "Canada"]
[BlackTeam "Iran"]

1. e4 c5 2. Nf3 d6 3. d4 cxd4 4. Nxd4 Nf6 5. Nc3 a6 6. Be3 e5 7. Nb3 Be6 8. f3
h5 9. Qd2 Nbd7 10. Nd5 Bxd5 11. exd5 g6 12. Be2 Bg7 13. O-O O-O 14. c4 b6 15.
Rac1 a5 16. Na1 Nc5 17. Nc2 Nfd7 18. Na3 f5 19. Nb5 Nf6 20. Qc2 e4 21. Rce1
exf3 22. Bxf3 Nfe4 23. Bxe4 Nxe4 24. Nd4 Bxd4 25. Bxd4 Qc7 26. a4 Kh7 27. Re3
Rac8 28. b3 Rce8 29. Qe2 Rf7 30. Re1 Rfe7 31. h3 f4 32. Rxe4 Rxe4 33. Qxe4 Rxe4
34. Rxe4 Qf7 35. Bxb6 Qb7 36. Bd8 Qxb3 37. Rxf4 Qxa4 38. Rf7+ Kg8 39. Rc7 Qa1+
40. Kh2 a4 41. Bh4 Qd4 42. Bg3 a3 43. Rc8+ Kf7 44. Ra8 Qb2 45. Ra7+ Kf6 46. c5
a2 47. cxd6 a1=Q 48. d7 Qxa7 49. d8=Q+ Kf7 50. Bd6 Qg7 51. Qc8 Qe3 52. Qb8 Qe8
53. Qb6 Qf6 54. Qc7+ Kg8 55. Bg3 h4 56. Bf4 Qef7 0-1

[Event "FIDE World Youth U16 Chess Olympiad SLOVAKIA 2016"]
[Site "Poprad Tatry SLOVAKIA"]
[Date "2016.07.23"]
[Round "3"]
[Board "3"]
[White "Gholami, Aryan"]
[Black "Talukdar, Rohan"]
[Result "1-0"]
[WhiteElo "2454"]
[BlackElo "2051"]
[PlyCount "79"]
[EventDate "2016.07.22"]
[EventType "team"]
[EventRounds "9"]
[EventCountry "SVK"]
[WhiteTeam "Iran"]
[BlackTeam "Canada"]

1. Nf3 Nf6 2. g3 g6 3. Bg2 Bg7 4. O-O O-O 5. d3 d6 6. e4 c5 7. Nbd2 Nc6 8. c3
d5 9. Re1 d4 10. cxd4 cxd4 11. a3 a5 12. a4 e5 13. Nc4 Nd7 14. b3 Re8 15. Nd6
Re6 16. Nxc8 Rxc8 17. Bh3 Re8 18. Nd2 Rc7 19. Nc4 Nc5 20. Ba3 Bf8 21. Rc1 Nb4
22. Bxb4 axb4 23. Nb6 Rc6 24. a5 Ne6 25. Rxc6 bxc6 26. Bxe6 Rxe6 27. Nc4 c5 28.
Qa1 Qc8 29. Qa4 f6 30. Ra1 Qa6 31. Qd7 f5 32. Qd5 fxe4 33. Qxe4 Kg7 34. Qd5 Kf6
35. Re1 Qc6 36. Qd8+ Be7 37. Qh8+ Kf5 38. Rxe5+ Kg4 39. Rxe6 Qxe6 40. Qe5 1-0

[Event "FIDE World Youth U16 Chess Olympiad SLOVAKIA 2016"]
[Site "Poprad Tatry SLOVAKIA"]
[Date "2016.07.23"]
[Round "3"]
[Board "4"]
[White "Ouellet, Maili-Jade"]
[Black "Tahbaz, Arash"]
[Result "0-1"]
[WhiteElo "1947"]
[BlackElo "2406"]
[PlyCount "104"]
[EventDate "2016.07.22"]
[EventType "team"]
[EventRounds "9"]
[EventCountry "SVK"]
[WhiteTeam "Canada"]
[BlackTeam "Iran"]

1. d4 Nf6 2. c4 g6 3. Nc3 Bg7 4. e4 d6 5. f4 O-O 6. Nf3 c5 7. d5 e6 8. Be2 exd5
9. cxd5 b5 10. e5 dxe5 11. fxe5 Ng4 12. Nxb5 Nxe5 13. O-O Nbd7 14. Bf4 Qb6 15.
a4 a6 16. a5 Qb8 17. Nxe5 Nxe5 18. Nc3 Qxb2 19. Na4 Qd4+ 20. Kh1 Bf5 21. Rc1
Nd3 22. Bxd3 Bxd3 23. Be3 Qxe3 24. Rf3 Be2 25. Rxe3 Bxd1 26. Rxd1 Bd4 27. Red3
Rad8 28. Nb6 Rfe8 29. R3d2 h5 30. g3 Kg7 31. Kg2 Re4 32. Ra2 f5 33. Rc2 Ree8
34. Ra2 g5 35. Rf1 Kg6 36. Rc2 Re4 37. Rd1 Ree8 38. Rf1 Rd6 39. Rd1 g4 40. Rf1
Re4 41. Rd1 h4 42. gxh4 f4 43. Na4 f3+ 44. Kf1 Re5 45. Nxc5 Rexd5 46. Nb3 Be3
47. Re1 Rd1 48. Rb2 f2 49. Rxf2 Bxf2 50. Rxd1 Rxd1+ 51. Kxf2 Rd5 52. Ke3 Kh5
 0-1

[Event "FIDE World Youth U16 Chess Olympiad SLOVAKIA 2016"]
[Site "Poprad Tatry SLOVAKIA"]
[Date "2016.07.23"]
[Round "3"]
[Board "1"]
[White "Roshka, Yevgeniy"]
[Black "Mammadzada, Gunay"]
[Result "0-1"]
[WhiteElo "2271"]
[BlackElo "2353"]
[PlyCount "70"]
[EventDate "2016.07.22"]
[EventType "team"]
[EventRounds "9"]
[EventCountry "SVK"]
[WhiteTeam "Ukraine"]
[BlackTeam "Azerbaijan"]

1. e4 c5 2. d3 Nc6 3. Nd2 g6 4. Ngf3 Bg7 5. g3 e6 6. Bg2 Nge7 7. O-O O-O 8. Re1
d6 9. Nf1 b6 10. Rb1 Bb7 11. h4 h6 12. N1h2 f5 13. exf5 exf5 14. Bd2 d5 15. Qc1
Kh7 16. h5 Qd7 17. hxg6+ Nxg6 18. d4 cxd4 19. Bf4 Rae8 20. Rxe8 Rxe8 21. Qd2
Re4 22. Nh4 Nxh4 23. gxh4 Be5 24. Bxe4 dxe4 25. Nf1 Qg7+ 26. Ng3 Qg4 27. Bxe5
Nxe5 28. Qb4 Qg7 29. Kf1 f4 30. Ne2 Nf3 31. Qb5 Bc8 32. Nxf4 Qg1+ 33. Ke2 Qxb1
34. Qb4 Ba6+ 35. c4 Bxc4+ 0-1

[Event "FIDE World Youth U16 Chess Olympiad SLOVAKIA 2016"]
[Site "Poprad Tatry SLOVAKIA"]
[Date "2016.07.23"]
[Round "3"]
[Board "2"]
[White "Asadli, Vugar"]
[Black "Yurovskich, Oleksandr"]
[Result "0-1"]
[WhiteElo "2411"]
[BlackElo "2167"]
[PlyCount "124"]
[EventDate "2016.07.22"]
[EventType "team"]
[EventRounds "9"]
[EventCountry "SVK"]
[WhiteTeam "Azerbaijan"]
[BlackTeam "Ukraine"]

1. g3 d5 2. Bg2 c6 3. d3 Nf6 4. Nd2 e5 5. e4 dxe4 6. dxe4 Be6 7. Ngf3 Nfd7 8.
O-O Be7 9. b3 Qc7 10. Bb2 a5 11. a4 Na6 12. Qe2 O-O 13. Nc4 f6 14. Nh4 Rfd8 15.
Kh1 Nb6 16. Ne3 Bc5 17. f4 Bd4 18. Rab1 Bxb2 19. Rxb2 Nc5 20. Rbb1 Nc8 21. Nhf5
exf4 22. gxf4 Ne7 23. Ng3 Rd4 24. Rbe1 Rad8 25. Qh5 b6 26. f5 Bf7 27. Qh4 Nd7
28. Ne2 Rd2 29. Nc4 Bxc4 30. bxc4 Qe5 31. Nf4 Nc5 32. Nh5 Nc8 33. Rg1 Nd6 34.
Bf3 Ne8 35. Rg3 Rxc2 36. Nxg7 Nxg7 37. Reg1 Rd7 38. Rh3 Kf8 39. Qxh7 Rf7 40.
Qh8+ Ke7 41. Rd1 Nd3 42. Rxd3 Rc1+ 43. Rd1 Rxd1+ 44. Bxd1 Qxe4+ 45. Bf3 Qe1+
46. Kg2 Nxf5 47. Bxc6 Rg7+ 48. Rg3 Rxg3+ 49. hxg3 Qxg3+ 50. Kf1 Qf4+ 51. Kg1
Qg4+ 52. Kf2 Qh4+ 53. Qxh4 Nxh4 54. Ke3 Ng6 55. Ke4 Kd6 56. Bb5 Ne7 57. Kd4
Nc6+ 58. Ke4 Kc5 59. Ba6 Ne5 60. Kf5 Nxc4 61. Kxf6 Nb2 62. Bb5 Kb4 0-1

[Event "FIDE World Youth U16 Chess Olympiad SLOVAKIA 2016"]
[Site "Poprad Tatry SLOVAKIA"]
[Date "2016.07.23"]
[Round "3"]
[Board "3"]
[White "Levitskiy, Andrey"]
[Black "Gadimbayli, Abdulla"]
[Result "1/2-1/2"]
[WhiteElo "2074"]
[BlackElo "2316"]
[PlyCount "76"]
[EventDate "2016.07.22"]
[EventType "team"]
[EventRounds "9"]
[EventCountry "SVK"]
[WhiteTeam "Ukraine"]
[BlackTeam "Azerbaijan"]

1. e4 e6 2. d4 d5 3. Nc3 Bb4 4. e5 c5 5. a3 Bxc3+ 6. bxc3 Ne7 7. Qg4 Qc7 8. Bd3
c4 9. Be2 Qa5 10. Bd2 Nf5 11. Bd1 Nc6 12. Ne2 Bd7 13. Ng3 Nce7 14. O-O O-O-O
15. Be2 f6 16. exf6 gxf6 17. Nxf5 Nxf5 18. Rad1 h5 19. Qf3 Ba4 20. Bf4 Bxc2 21.
Rd2 Be4 22. Qh3 Ng7 23. Qh4 Rdf8 24. Bd6 Nf5 25. Qf4 Nxd6 26. Qxd6 Bf5 27. Rb2
Qc7 28. Qb4 Rfg8 29. Bf3 Rh7 30. Qa4 a6 31. g3 h4 32. Bg2 Rhg7 33. Qd1 Rh8 34.
Qd2 Rgg8 35. Qe3 Qh7 36. Bf3 Qc7 37. Re1 Kb8 38. Ree2 Rg7 1/2-1/2